00618 2200205 4500001002100000008004100021035002000062245007700082100001700159260004500176300003100221020002200252084001400274520004400288082000800332650002100340863002900361990001100390990001100401INLIS000000000014759 ind  a0010-1022000077 aMenjadi Juara Karena DisiplincAnee Rahman; editor ahli, Chaerul Rochman aANEE, Rahman aBandung :bAd-Print Mitra Pustaka,c2020 avii, 56 hal.: ilus.c21 cm a978-602-9224-06-1 a372 ANE m aBibliografi : hal.56, Glosarium, Indeks a372 aPENDIDIKAN. ANAK aSeri Pendidikan Karakter a9622 a a9622 b